[Event "Francophonie-chT Rapid"]
[Site "Tornelo INT"]
[Date "2022.06.04"]
[Round "4.6"]
[White "Meddeb, Chadha"]
[Black "Ashley, Christiana Naa Merl"]
[Result "1-0"]
[WhiteElo "1561"]
[BlackElo "1217"]
[PlyCount "125"]
[EventDate "2022.06.04"]
[EventType "team-swiss (rapid)"]
[EventRounds "11"]
[EventCountry "FRA"]
[SourceTitle "CBM 208 Extra"]
[Source "ChessBase"]
[SourceDate "2022.07.31"]
[SourceVersion "1"]
[SourceVersionDate "2022.07.31"]
[SourceQuality "1"]
[WhiteTeam "Tunisia II"]
[BlackTeam "Ghana"]
[WhiteTeamCountry "TUN"]
[BlackTeamCountry "GHA"]

1. e4 e5 2. Nf3 Nc6 3. d4 d6 4. dxe5 dxe5 5. Qxd8+ Nxd8 6. Nxe5 f6 7. Nf3 Bc5 8. Bf4 Ne6 9. Bg3 Ne7 10. Nc3 c6 11. 0-0-0 0-0 12. e5 f5 13. Bc4 Ng6 14. Rhf1 f4 15. Bh4 Rf5 16. Rd8+ Kf7 17. Ng5+ Rxg5 18. Bxg5 Nxe5 19. Bxe6+ Kxe6 20. Bxf4 Be7 21. Rdd1 Bf6 22. Rfe1 Kf5 23. Bxe5 Bxe5 24. Rd8 Bf6 25. Rg8 b6 26. Ne4 Be5 27. Ng3+ Bxg3 28. hxg3 Bb7 29. Rxg7 Rb8 30. Rxh7 c5 31. f3 a6 32. Ree7 Bd5 33. Rh5+ Kf6 34. Rd7 Bc4 35. g4 Bf1 36. Rd2 Re8 37. Rf5+ Kg6 38. Rf2 Bc4 39. b3 Bf7 40. f4 Re6 41. Re5 Rc6 42. g3 c4 43. Kb2 c3+ 44. Ka3 a5 45. Rg5+ Kf6 46. Rh2 Bg6 47. Rh6 Kg7 48. Rh2 Kf6 49. Re5 Kg7 50. f5 Bh7 51. Re7+ Kf6 52. Rhxh7 Kg5 53. Rhg7+ Kf6 54. Rgf7+ Kg5 55. Rg7+ Kf6 56. Rg6+ Kxe7 57. Rxc6 b5 58. b4 a4 59. g5 Kf7 60. Rxc3 Kg7 61. Rc7+ Kf8 62. f6 Kg8 63. g6 1-0

[Event "TUN-ch (Women)"]
[Site "Hammamet"]
[Date "2022.05.14"]
[Round "6"]
[White "Meddeb, Chadha"]
[Black "Ben Salem, Meriem"]
[Result "1-0"]
[WhiteElo "1585"]
[BlackElo "1145"]
[PlyCount "59"]
[EventDate "2022.05.07"]
[EventType "swiss"]
[EventRounds "7"]
[EventCountry "TUN"]
[SourceTitle "CBM 208 Extra"]
[Source "ChessBase"]
[SourceDate "2022.07.31"]
[SourceVersion "1"]
[SourceVersionDate "2022.07.31"]
[SourceQuality "1"]

1. e4 e5 2. Nf3 d6 3. d4 exd4 4. Nxd4 Nf6 5. Nc3 c6 6. h3 d5 7. e5 Nfd7 8. e6 Nc5 9. exf7+ Kxf7 10. Qf3+ Kg8 11. Be2 Nbd7 12. Bf4 Nf6 13. 0-0 Bd6 14. Bg5 Nce4 15. Nxe4 dxe4 16. Qb3+ Kf8 17. Rad1 Qe7 18. f3 exf3 19. Bxf3 Qe5 20. Bxf6 Qh2+ 21. Kf2 gxf6 22. Ne2 Rg8 23. Ke1 Bd7 24. Bh5 Be8 25. Rxf6+ Kg7 26. Rfxd6 Bxh5 27. Qc3+ Kf8 28. Qf6+ Bf7 29. Rd8+ Rxd8 30. Rxd8# 1-0

[Event "Arab-chT (Women)"]
[Site "Hammamet"]
[Date "2019.03.05"]
[Round "4.2"]
[White "Nabaa Sami, Abbas Al Attra"]
[Black "Meddeb, Chadha"]
[Result "1-0"]
[WhiteElo "1844"]
[BlackElo "1605"]
[PlyCount "37"]
[EventDate "2019.03.03"]
[EventType "team-tourn"]
[EventRounds "6"]
[EventCountry "TUN"]
[SourceTitle "CBM 190 Extra"]
[Source "ChessBase"]
[SourceDate "2019.07.15"]
[SourceVersion "1"]
[SourceVersionDate "2019.07.15"]
[SourceQuality "1"]
[WhiteTeam "Iraq (W)"]
[BlackTeam "Tunisia (W)"]
[WhiteTeamCountry "IRQ"]
[BlackTeamCountry "TUN"]

1. Nf3 Nf6 2. e3 d5 3. c4 e6 4. Nc3 c6 5. d4 Bd6 6. Bd3 dxc4 7. Bxc4 b5 8. Bd3 Nbd7 9. 0-0 0-0 10. e4 Bb8 11. e5 Nd5 12. Bxh7+ Kxh7 13. Ng5+ Kg8 14. Nxd5 g6 15. Nb4 Bb7 16. Qg4 Kg7 17. Nd3 Qe7 18. Nf4 Rh8 19. Ngxe6+ 1-0

[Event "Olympiad Women-42"]
[Site "Baku"]
[Date "2016.09.13"]
[Round "11.3"]
[White "Meddeb, Chadha"]
[Black "De Castro, Neusa Aridas"]
[Result "1-0"]
[WhiteElo "1585"]
[BlackElo "1476"]
[PlyCount "69"]
[EventDate "2016.09.02"]
[EventType "team-swiss"]
[EventRounds "11"]
[EventCountry "AZE"]
[SourceTitle "CBM 174 Extra"]
[Source "ChessBase"]
[SourceDate "2016.10.10"]
[SourceVersion "1"]
[SourceVersionDate "2016.10.10"]
[SourceQuality "1"]
[WhiteTeam "Tunisia (W)"]
[BlackTeam "Mozambique (W)"]
[WhiteTeamCountry "TUN"]
[BlackTeamCountry "MOZ"]

1. e4 e5 2. Nf3 Nc6 3. d4 exd4 4. Nxd4 Ne5 5. f4 Ng6 6. Bc4 Qe7 7. Nc3 Qc5 8. Qd3 Nh6 9. h3 d6 10. Be3 Qh5 11. Nde2 Qh4+ 12. g3 Qd8 13. Nd4 f5 14. Nxf5 Bxf5 15. exf5 Ne7 16. g4 a6 17. Qe4 c6 18. Be6 d5 19. Qd4 Qd6 20. Ne4 Qc7 21. Nc5 b6 22. Bd7+ Kf7 23. Nd3 Nc8 24. Ne5+ Ke7 25. Bxc6 Rb8 26. Qxd5 Qd6 27. 0-0-0 Qxd5 28. Bxd5 Nd6 29. Nc6+ Ke8 30. Nxb8 Be7 31. Bxb6 Nc8 32. Bc7 Rf8 33. Rhe1 Na7 34. Bc4 Nb5 35. Rd8# 1-0

[Event "Olympiad Women-42"]
[Site "Baku"]
[Date "2016.09.09"]
[Round "7.2"]
[White "Wambugu Wanjiru, Jane"]
[Black "Meddeb, Chadha"]
[Result "1/2-1/2"]
[WhiteElo "1542"]
[BlackElo "1585"]
[PlyCount "61"]
[EventDate "2016.09.02"]
[EventType "team-swiss"]
[EventRounds "11"]
[EventCountry "AZE"]
[SourceTitle "CBM 174 Extra"]
[Source "ChessBase"]
[SourceDate "2016.10.10"]
[SourceVersion "1"]
[SourceVersionDate "2016.10.10"]
[SourceQuality "1"]
[WhiteTeam "Kenya (W)"]
[BlackTeam "Tunisia (W)"]
[WhiteTeamCountry "KEN"]
[BlackTeamCountry "TUN"]

1. d4 d5 2. Bf4 Nc6 3. e3 Bf5 4. c3 e6 5. Nf3 Bd6 6. Bxd6 cxd6 7. Be2 Nf6 8. Nbd2 h6 9. 0-0 0-0 10. a3 a6 11. c4 dxc4 12. Bxc4 b5 13. Be2 Qd7 14. b4 Rfc8 15. Rc1 Qb7 16. Nb3 Rab8 17. h3 Be4 18. Bd3 Bd5 19. Re1 Ne4 20. Bxe4 Bxe4 21. Nbd2 Bh7 22. Qb3 a5 23. Rc3 axb4 24. axb4 Ne7 25. Rec1 Nd5 26. Rxc8+ Rxc8 27. Rxc8+ Qxc8 28. Qa3 Kf8 29. Qa5 Nc3 30. Qb6 Ke7 31. Qa5 1/2-1/2

[Event "Olympiad Women-42"]
[Site "Baku"]
[Date "2016.09.03"]
[Round "2.46"]
[White "Meddeb, Chadha"]
[Black "Gonchar, Svitlana"]
[Result "1/2-1/2"]
[WhiteElo "1585"]
[BlackElo "1807"]
[PlyCount "67"]
[EventDate "2016.09.02"]
[EventType "team-swiss"]
[EventRounds "11"]
[EventCountry "AZE"]
[SourceTitle "CBM 174 Extra"]
[Source "ChessBase"]
[SourceDate "2016.10.10"]
[SourceVersion "1"]
[SourceVersionDate "2016.10.10"]
[SourceQuality "1"]
[WhiteTeam "Tunisia (W)"]
[BlackTeam "ICCD (W)"]
[WhiteTeamCountry "TUN"]

1. e4 e6 2. d4 d5 3. Nc3 Bb4 4. e5 c5 5. a3 Bxc3+ 6. bxc3 Ne7 7. Qg4 0-0 8. Nf3 Nbc6 9. Bd2 Bd7 10. Bd3 Ng6 11. h4 c4 12. Bxg6 fxg6 13. h5 Qe8 14. hxg6 Qxg6 15. Qxg6 hxg6 16. Ng5 Nd8 17. Ke2 Nf7 18. Nh3 Nh6 19. Nf4 Kh7 20. g4 g5 21. Ng2 Kg6 22. Rh5 Nf7 23. f4 Rh8 24. Rah1 Rxh5 25. Rxh5 Rh8 26. Rxh8 Nxh8 27. fxg5 Kf7 28. Nf4 Ng6 29. Nh5 Ba4 30. Kd1 Nh4 31. Nf4 Ng6 32. Nh5 Nh4 33. Nf4 Ng6 34. Nh5 1/2-1/2

[Event "Agadir zt 4.1 (Women)"]
[Site "Agadir"]
[Date "2016.05.30"]
[Round "9"]
[White "Mezioud, Amina"]
[Black "Meddeb, Chadha"]
[Result "1-0"]
[WhiteElo "2085"]
[BlackElo "1614"]
[PlyCount "40"]
[EventDate "2016.05.24"]
[EventType "swiss"]
[EventRounds "9"]
[EventCountry "MAR"]
[SourceTitle "CBM 172 Extra"]
[Source "ChessBase"]
[SourceDate "2016.06.21"]
[SourceVersion "1"]
[SourceVersionDate "2016.06.21"]
[SourceQuality "1"]

1. e4 e6 2. d3 d5 3. Nd2 Nf6 4. Ngf3 Nc6 5. g3 dxe4 6. dxe4 e5 7. Bg2 b6 8. 0-0 a5 9. Nc4 Ba6 10. b3 Bc5 11. Bb2 Qe7 12. Nfxe5 Nxe5 13. Bxe5 Rd8 14. Bxf6 Qxf6 15. Qe2 0-0 16. Rad1 Rd4 17. Rxd4 Bxd4 18. Kh1 Re8 19. f4 Qh6 20. Rd1 Bc5 1-0

[Event "TUN-ch (Women)"]
[Site "Bizert "]
[Date "2014.03.28"]
[Round "7"]
[White "Marzouk, Amira"]
[Black "Meddeb, Chadha"]
[Result "0-1"]
[WhiteElo "1651"]
[BlackElo "1637"]
[PlyCount "96"]
[EventDate "2014.03.16"]
[EventType "swiss"]
[EventRounds "9"]
[EventCountry "TUN"]
[SourceTitle "EXT 2016"]
[Source "ChessBase"]
[SourceDate "2015.10.08"]
[SourceVersion "1"]
[SourceVersionDate "2015.10.08"]
[SourceQuality "1"]

1. e4 e6 2. d3 d5 3. Nd2 c5 4. Ngf3 Nc6 5. g3 Nf6 6. Bg2 Be7 7. 0-0 0-0 8. e5 Nd7 9. Re1 Qc7 10. Qe2 f6 11. exf6 Nxf6 12. Bh3 e5 13. Bxc8 Qxc8 14. Nxe5 Nd4 15. Qd1 Bd6 16. Ndf3 Bxe5 17. Nxe5 Qh3 18. Bg5 Nd7 19. f4 Nxe5 20. Rxe5 h6 21. Be7 Rxf4 22. Rh5 Rf1+ 23. Qxf1 Qxh5 24. Qg2 b6 25. c3 Nf3+ 26. Kh1 Re8 27. Bd6 Re3 28. d4 cxd4 29. cxd4 Rd3 30. g4 Qg5 31. Be5 Qd2 32. Qxd2 Rxd2 33. b3 Nxd4 34. Bxd4 Rxd4 35. h3 Rd2 36. a4 Kf7 37. b4 a5 38. bxa5 bxa5 39. Rb1 Ra2 40. Rb5 Rxa4 41. Rxd5 Ra2 42. Rb5 a4 43. Ra5 a3 44. Ra4 Ke6 45. Ra7 Ra1+ 46. Kg2 a2 47. Ra5 Kf6 48. Kf2 Rh1 0-1